000 00416nam a2200121Ia 4500
008 220216s9999 xx 000 0 und d
100 _aJacob G.
245 0 _aExport of natural rubber: Challenges and opportunities
260 _bIndian Rubber Dealers' Federation Souvenir- 1996, The Indian Rubber Dealers' Federation, Kottayam, India, pp. 33-37.
_c1996
650 _aExport
650 _aNatural rubber
942 _cBS
999 _c52486
_d52486